100 M+ countries - Statistics

General Stats
  • This quiz has been taken 26 times
  • The average score is 13 of 15
Answer Stats
Population Answer % Correct
1.4 B China
100%
1.4 B India
100%
345 M United States
100%
217 M Brazil
95%
279 M Indonesia
95%
174 M Bangladesh
90%
129 M Mexico
90%
227 M Nigeria
90%
246 M Pakistan
90%
144 M Russia
90%
123 M Japan
81%
129 M Ethiopia
76%
118 M Philippines
76%
114 M Egypt
71%
104 M D. R. Congo
52%
No matching quizzes found
Score Distribution
Percent of People with Each Score
Percentile by Number Answered
Your Score History
You have not taken this quiz